000 00480nam a22001697a 4500
003 NUST - PNEC
005 20170116180747.0
008 150219b xxu||||| |||| 00| 0 eng d
040 _cLIBRARY
082 _a297.161 KHA
100 _91402
_aKhan, Ahmed Yaar
245 _aShan-e-Habeeb-ul-Rahman Min Ayat-ul-Quran (Urdu)
_cAhmed Yaar
260 _aLahore :
_bZia ul Quran Publications,
300 _a336 p. :
_c22 cm.
650 _91404
_aShaan-e-Quran, Islam
942 _2ddc
_cBK
999 _c62410
_d62410